000 00839nam a22002177a 4500
999 _c8546
_d8546
003 AR-CdUCM
008 190325b ||||| |||| 00| 0 spa d
040 _aMUNICIPALIDAD PROVINCIAL DEL CUSCO
_cBIBLIOTECA MUNICIPAL DEL CUSCO
082 _a574 /
_bB71
100 _aBold, Harold C.
_923942
245 _aEl reino Vegetal /
260 _aMéxico :
_bUnion Tipografica Editorial Hispano Americana ,
_c1967.
300 _a205 páginas ;
_c17.5 cm.
440 _aManuales Uteha
_n253
_923943
505 _aContenido : Unidad y diversida de las plantas -- Las algas -- Bacterias, Mixomicetos y hongos -- Plantas terrestres no vasculares - Plantas Terrestres no vasculares : Musgos y Hepáticas...
650 _aReino Vegetal
_923944
650 _aBiologia General
_920947
650 _aVegetal
_923945
942 _2ddc
_cLIBROS
945 _artm